000 00250nam a2200109Ia 4500
008 190216s9999||||xx |||||||||||||| ||und||
100 _aSree Rampurith
245 0 _aHindi-Vijaya Deep
260 _bLoksangam Prakashan
650 _aHindi
942 _cBK
999 _c15252
_d15252